| 000 | 00410nam a2200157Ia 4500 | ||
|---|---|---|---|
| 005 | 20240807062542.0 | ||
| 008 | 240806s9999||||xx |||||||||||||| ||eng|| | ||
| 041 | _aeng | ||
| 082 |
_a720.954 _bSHUS |
||
| 100 | _aDwijendra Nath Shukla | ||
| 245 | 0 |
_aSamrangara sutradhar vastu shastra / _cDwijendra Nath Shukla |
|
| 260 | _bMeharchandra Lakshmandas Delhi | ||
| 300 | _a0 | ||
| 650 | _aSanskrit | ||
| 942 | _cBK | ||
| 999 |
_c22326 _d22326 |
||